Reflexiones sobre las tendencias generales de cambio en el Estado Burocrático-Autoritario /
Salvato in:
| Autore principale: | |
|---|---|
| Natura: | testo |
| Tags: |
Aggiungi Tag
Nessun Tag, puoi essere il primo ad aggiungerne!!
|
MARC
| LEADER | 00000 a a2200000 04500 | ||
|---|---|---|---|
| 001 | 16716 | ||
| 003 | |||
| 040 | |||
| 100 | |a O'Donnell, Guillermo | ||
| 245 | |a Reflexiones sobre las tendencias generales de cambio en el Estado Burocrático-Autoritario / |c Guillermo O'Donnell | ||
| 773 | |g volumen 12, número 33; páginas 111-158 | ||
| 999 | |c 27506 |d 27506 | ||
